Statistics for Flags That Look The Same (World Flags)

Click here to take the quiz!

General Stats

  • This quiz has been taken 14 times
  • The average score is 30 of 31

Answer Stats

Answer% Correct
Austria
100%
Bangladesh
100%
Chad
100%
Denmark
100%
Finland
100%
Iceland
100%
Indonesia
100%
Ireland
100%
Ivory Coast
100%
Japan
100%
Jordan
100%
Liberia
100%
Luxembourg
100%
Malaysia
100%
Monaco
100%
Netherlands
100%
Norway
100%
Poland
100%
Romania
100%
Russia
100%
Singapore
100%
Sudan
100%
Sweden
100%
United States of America
100%
Guinea
93%
Palau
93%
Senegal
93%
Latvia
86%
Mali
86%
Palestine
86%
Greenland
79%

Score Distribution

Percentile by Number Answered

Percent of People with Each Score

Your Score History

You have not taken this quiz